Pearson's sentence correction for the GMAT / (Record no. 87502)

MARC details
000 -LEADER
fixed length control field 00491nam a22001697a 4500
005 - DATE AND TIME OF LATEST TRANSACTION
control field 20140829110826.0
010 ## - LCCN (DPL NO)
LC control number ENG-110593
020 ## - INTERNATIONAL STANDARD BOOK NUMBER
Terms of availability 450.00
International Standard Book Number 9788131785072
035 ## - SYSTEM CONTROL NUMBER
System control number EN-94125
037 ## - SOURCE OF ACQUISITION
Source of stock number/acquisition DBAD/PUB
082 ## - DEWEY DECIMAL CLASSIFICATION NUMBER
Classification number 488.0076
100 ## - MAIN ENTRY--PERSONAL NAME
Personal name Rao, M. L. V. Raman
245 ## - TITLE STATEMENT
Title Pearson's sentence correction for the GMAT /
Statement of responsibility, etc by M. L. V. Ramana Rao
260 ## - PUBLICATION, DISTRIBUTION, ETC. (IMPRINT)
Place of publication, distribution, etc New Delhi
Name of publisher, distributor, etc Pearson
Date of publication, distribution, etc (201?)
300 ## - PHYSICAL DESCRIPTION
Extent various pagings
Dimensions 27cm(pbk)
942 ## - ADDED ENTRY ELEMENTS (KOHA)
Source of classification or shelving scheme Dewey Decimal Classification
Item type English Books
Call number suffix RAO
Classification part 488.0076
Holdings
Withdrawn status Lost status Not for loan Collection code Home library Current library Date acquired Source of acquisition Cost, normal purchase price Full call number Barcode Copy number Cost, replacement price Koha item type
    Not For Loan Non-fiction D.B.Act.Division D.B.Act.Division 30/07/2014 DBAD/PUB 450.00 488.0076 RAO EN-94125 1 450.00 English Books

© Delhi Public Library
Hit Counter
free hit counter